000 00707nam a22002297a 4500
003 KOHA_MİRAKIL
005 20260428093905.0
008 260427b tu ||||| |||| 00| 0 tur d
020 _a9786256455375
040 _aTR-AnABB
_btur
_cTR-AnABB
041 _atur
082 _a818.42
_bKAR 2024
100 1 _aKaradağ, Acun
245 1 0 _aGüneş her şeyin farkındaydı :
_bAcun öğretmenin direniş güncesi /
_cAcun Karadağ
246 _aGüneş her şeyin farkındaydı
250 _a1. baskı
260 _aAnkara :
_bİmge Kitabevi yayınları,
_c2024
300 _a537 sayfa :
_c20 cm
650 0 4 _aTürk edebiyatı, anı
900 _bCan ÇELIK
942 _2ddc
_cBK
999 _c10347
_d10347